000 00233nam a22000857a 4500
008 170202b xxu||||| |||| 00| 0 eng d
100 _92737
_aCBSE
245 _aU-Like CBSE CCE Sample Paper X Maths Solution
260 _aNew Delhi
_bCBSE
_c2013
999 _c5913
_d5913